Pakistan : (Record no. 15275)
[ view plain ]
| 000 -LEADER | |
|---|---|
| fixed length control field | 01549cam a2200349 a 4500 |
| 001 - CONTROL NUMBER | |
| control field | 17434457 |
| 005 - DATE AND TIME OF LATEST TRANSACTION | |
| control field | 20170105102914.0 |
| 008 - FIXED-LENGTH DATA ELEMENTS--GENERAL INFORMATION | |
| fixed length control field | 110110s2011 enka b 001 0 eng c |
| 010 ## - LIBRARY OF CONGRESS CONTROL NUMBER | |
| LC control number | 2012451969 |
| 015 ## - NATIONAL BIBLIOGRAPHY NUMBER | |
| National bibliography number | GBB073616 |
| Source | bnb |
| 015 ## - NATIONAL BIBLIOGRAPHY NUMBER | |
| National bibliography number | GBB073616 |
| Source | dnb |
| 016 7# - NATIONAL BIBLIOGRAPHIC AGENCY CONTROL NUMBER | |
| Record control number | 015578882 |
| Source | Uk |
| 020 ## - INTERNATIONAL STANDARD BOOK NUMBER | |
| International Standard Book Number | 9781861897688 (hbk.) |
| 020 ## - INTERNATIONAL STANDARD BOOK NUMBER | |
| International Standard Book Number | 1861897685 (hbk.) |
| 035 ## - SYSTEM CONTROL NUMBER | |
| System control number | (OCoLC)ocn695663286 |
| 040 ## - CATALOGING SOURCE | |
| Original cataloging agency | NLE |
| Language of cataloging | eng |
| Transcribing agency | NLE |
| Modifying agency | CDX |
| -- | UAB |
| -- | DOS |
| -- | VP@ |
| -- | OCLCA |
| -- | OCLCQ |
| -- | AFQ |
| -- | UKMGB |
| -- | MIX |
| -- | VRC |
| -- | UKM |
| -- | YDXCP |
| -- | BWX |
| -- | TXA |
| -- | DEBBG |
| -- | BDX |
| -- | DLC |
| 042 ## - AUTHENTICATION CODE | |
| Authentication code | pcc |
| 043 ## - GEOGRAPHIC AREA CODE | |
| Geographic area code | a-pk--- |
| 050 00 - LIBRARY OF CONGRESS CALL NUMBER | |
| Classification number | HV6433.P18 |
| Item number | G86 2011 |
| 100 1# - MAIN ENTRY--PERSONAL NAME | |
| Personal name | Gunaratna, Rohan, |
| Dates associated with a name | 1961- |
| 245 10 - TITLE STATEMENT | |
| Title | Pakistan : |
| Remainder of title | terrorism ground zero / |
| Statement of responsibility, etc. | Rohan Gunaratna and Khuram Iqbal. |
| 260 ## - PUBLICATION, DISTRIBUTION, ETC. | |
| Place of publication, distribution, etc. | London : |
| Name of publisher, distributor, etc. | Reaktion Books, |
| Date of publication, distribution, etc. | 2011. |
| 300 ## - PHYSICAL DESCRIPTION | |
| Extent | 320 p. : |
| Other physical details | ill. ; |
| Dimensions | 22 cm. |
| 504 ## - BIBLIOGRAPHY, ETC. NOTE | |
| Bibliography, etc. note | Includes bibliographical references (p. [313]-314) and index. |
| 505 0# - FORMATTED CONTENTS NOTE | |
| Formatted contents note | Introduction -- Tribal Pakistan : the epicentre of global terrorism -- Understanding the Pakistani Taliban -- Terrorism and Karchi -- Mainland Pakistan terrorist groups -- Instability in the region : the wider effect of militancy in Pakistan -- The suicide terrorist threat in Pakistan -- Is Pakistan the ground zero of terrorism? |
| 650 #0 - SUBJECT ADDED ENTRY--TOPICAL TERM | |
| Topical term or geographic name entry element | Terrorists |
| Geographic subdivision | Pakistan. |
| 650 #0 - SUBJECT ADDED ENTRY--TOPICAL TERM | |
| Topical term or geographic name entry element | Terrorism |
| Geographic subdivision | Pakistan |
| General subdivision | Prevention |
| -- | International cooperation. |
| 700 1# - ADDED ENTRY--PERSONAL NAME | |
| Personal name | Iqbal, Khuram. |
| 906 ## - LOCAL DATA ELEMENT F, LDF (RLIN) | |
| a | 7 |
| b | cbc |
| c | pccadap |
| d | 2 |
| e | ncip |
| f | 20 |
| g | y-gencatlg |
| 942 ## - ADDED ENTRY ELEMENTS (KOHA) | |
| Source of classification or shelving scheme | |
| Koha item type | Book |
| Withdrawn status | Lost status | Damaged status | Not for loan | Collection code | Permanent Location | Current Location | Shelving location | Date acquired | Total Checkouts | Full call number | Barcode | Date last seen | Price effective from | Koha item type |
|---|---|---|---|---|---|---|---|---|---|---|---|---|---|---|
| Centre for International Peace & Stability (CIPS) | Centre for International Peace & Stability (CIPS) | General Stacks | 10/02/2013 | 363.325095491 GUN 2011 | CIPS0001830 | 11/25/2013 | 11/25/2013 | Book |
